Loading...
| Social Science | 0 | 7 | 0 | 2 | 70 | 45 | 116.86 | 0 | 1 | 4.75 | 12.64 |
| Fine Arts - Classical Music | 0 | 6 | 0 | 0 | 60 | 84 | 114.50 | 1 | 2 | 6.49 | 22.65 |
| Literature - American | 0 | 6 | 1 | 1 | 55 | 83 | 125.50 | 1 | 1 | 6.84 | 21.05 |
| Fine Arts - Other | 0 | 6 | 1 | 0 | 55 | 54 | 124.00 | 0 | 2 | 5.84 | 16.64 |
| Literature - British | 0 | 6 | 1 | 1 | 55 | 101 | 128.33 | 0 | 1 | 5.72 | 17.83 |
| Philosophy | 0 | 5 | 2 | 1 | 40 | 22 | 108.00 | 1 | 1 | 7.05 | 19.94 |
| History - American | 0 | 3 | 0 | 1 | 30 | 68 | 99.33 | 0 | 1 | 5.41 | 11.08 |
| History - World | 0 | 3 | 0 | 0 | 30 | 127 | 134.00 | 0 | 0 | 0.31 | 3.64 |
| Fine Arts - Painting & Sculpture | 0 | 4 | 2 | 0 | 30 | 99 | 114.25 | 0 | 0 | 3.94 | 13.77 |
| Literature - European | 0 | 4 | 2 | 0 | 30 | 72 | 110.50 | 0 | 2 | 6.22 | 15.15 |
| Literature - World | 0 | 3 | 0 | 0 | 30 | 132 | 149.00 | 0 | 0 | 0.82 | 5.10 |
| Religion | 0 | 2 | 0 | 0 | 20 | 110 | 116.00 | 0 | 1 | 1.82 | 5.01 |
| History - Other | 0 | 2 | 1 | 1 | 15 | 133 | 134.50 | 0 | 0 | -0.18 | 0.51 |
| History - European | 0 | 2 | 1 | 0 | 15 | 108 | 110.50 | 0 | 0 | 2.47 | 6.62 |
| Other Academic | 0 | 1 | 0 | 0 | 10 | 107 | 107.00 | 0 | 0 | 2.67 | 10.33 |
| Science - Biology | 0 | 1 | 0 | 0 | 10 | 127 | 127.00 | 0 | 0 | 0.00 | 0.31 |
| Current Events | 0 | 1 | 0 | 0 | 10 | 95 | 95.00 | 0 | 0 | 3.68 | 6.94 |
| Mythology | 0 | 1 | 0 | 0 | 10 | 117 | 117.00 | 0 | 0 | 2.67 | 6.02 |
| Geography | 0 | 0 | 1 | 0 | -5 | 0.00 | 0 | 0 | 0.00 | 0.00 |